|
|
|
|
| LEADER |
00000nam0a2200000 4500 |
| 001 |
305018 |
| 005 |
20231102001747.0 |
| 020 |
|
|
|a RU
|b 83-39917
|
| 035 |
|
|
|a (RuTPU)RU\TPU\book\330282
|
| 090 |
|
|
|a 305018
|
| 100 |
|
|
|a 20150922d1982 km y0rusy5003 ca
|
| 101 |
0 |
|
|a rus
|
| 102 |
|
|
|a RU
|
| 105 |
|
|
|a a z 001zy
|
| 200 |
1 |
|
|a Применение безглинистых полимеросолевых буровых растворов
|f Н. И. Крысин [и др.]
|
| 210 |
|
|
|a Пермь
|c Пермнипинефть
|d 1982
|
| 215 |
|
|
|a 63 с.
|c ил.
|
| 300 |
|
|
|a Авт. указаны на обороте тит. л.
|
| 320 |
|
|
|a Библиогр.: с. 59-62
|
| 606 |
1 |
|
|a Промывочные растворы, буровые
|x Физико-механические свойства
|2 stltpush
|3 (RuTPU)RU\TPU\subj\52197
|9 70686
|
| 610 |
1 |
|
|a безглинистые полимерные растворы
|
| 610 |
1 |
|
|a бурение на нефть
|
| 610 |
1 |
|
|a бурение на газ
|
| 610 |
1 |
|
|a применение
|
| 610 |
1 |
|
|a Пермское Прикамье
|
| 610 |
1 |
|
|a вязкость
|
| 610 |
1 |
|
|a фильтрация
|
| 610 |
1 |
|
|a рецептуры
|
| 610 |
1 |
|
|a состав
|
| 610 |
1 |
|
|a технология
|
| 675 |
|
|
|a 622.244.4
|z rus
|v 3
|
| 701 |
|
1 |
|a Крысин
|b Н. И.
|
| 701 |
|
1 |
|a Ишмухаметова
|b А. М.
|
| 701 |
|
1 |
|a Мавлютов
|b М. Р.
|
| 701 |
|
1 |
|a Крысина
|b Т. И.
|
| 801 |
|
0 |
|a RU
|b RuMRKP
|c 19950704
|g psbo
|
| 801 |
|
1 |
|a RU
|b 63413507
|c 20150922
|
| 801 |
|
2 |
|a RU
|b 63413507
|c 20180712
|g RCR
|
| 942 |
|
|
|c BK
|